000 00775nam a2200265 i 4500
001 C2-0293805
003 PPAK
005 20180728025617.0
008 090204s2008 my a|||| ||||| | may d
020 _a9789675087264
040 _aPPAK
_beng
_cPPAK
_erda
082 0 4 _a499.2386
_223
090 0 0 _a499.2386
_bNUR
_dK
100 0 _aNur Atikah Abdullah,
_eauthor
245 1 0 _aFenomena gejala sosial
264 1 _aPetaling Jaya, Selangor :
_bPustaka Rubiah ,
_c2008
300 _a60 pages :
_billustrations ;
_c26 cm
336 _2rdacontent
_atext
337 _2rdamedia
_aunmediated
338 _2rdacarrier
_avolume
490 1 _aPendidikan Seksual Dalam Islam
650 1 0 _aBahasa Malaysia - Readers
830 0 _aPendidikan Seksual Dalam Islam
942 _ddc
_cB
999 _c98490
_d98490